| 000 | 01233 a2200229 4500 | ||
|---|---|---|---|
| 020 | _a0071123210 | ||
| 020 | _a9780071123211 | ||
| 090 |
_c3671 _d3671 |
||
| 100 | 1 | _aMaurice, S. Charles. | |
| 245 | 1 | 0 |
_aManagerial economics / _cS. Charles Maurice. |
| 250 | _a7I.S.ed ed. | ||
| 260 |
_a[S.l.] : _bMcGraw-Hill Publishing Co., _c2001. |
||
| 300 | _a1 v. (unpaged) | ||
| 500 | _aPaperback. | ||
| 520 | _aThomas and Maurice's "Managerial Economics" teaches students how to use microeconomic theory to analyze business decisions. In a clear and engaging writing style, Christopher Thomas carries on the tradition he and Charles Maurice shepherded for seven previous editions in the 8th edition. The 8th Edition explores the current market forces that create both opportunities and constraints for business enterprises. The book has enjoyed success in part because of its mid-level of rigor. | ||
| 700 | 1 | _aSmithson, Charles W. | |
| 700 | 1 | _aThomas, Christopher. | |
| 700 | 1 | _aThomas, Christopher R. | |
| 856 | 4 | 0 |
_3Amazon.com _uhttp://www.amazon.com/exec/obidos/ASIN/0071123210/chopaconline-20 |
| 856 | 4 | 0 |
_3Amazon customer reviews _uhttp://www.chopac.org/cgi-bin/tools/azrev.pl?q=0071123210 |
| 942 |
_aNBS _cBK _k338.5024658 MAU |
||
| 999 |
_c346137 _d346137 |
||